Phương pháp luận nghiên cứu văn học
Đại cương về phương pháp luận nghiên cứu văn học và trình bày các phương pháp luận lí luận văn học, phê bình văn học, phương pháp luận văn học sử, phương pháp luận nghiên cứu văn học phương Tây thế kỉ XX
সংরক্ষণ করুন:
| প্রধান লেখক: | |
|---|---|
| বিন্যাস: | গ্রন্থ |
| ভাষা: | Vietnamese |
| প্রকাশিত: |
H.
Nxb Đại học Sư phạm
2005
|
| বিষয়গুলি: | |
| ট্যাগগুলো: |
ট্যাগ যুক্ত করুন
কোনো ট্যাগ নেই, প্রথমজন হিসাবে ট্যাগ করুন!
|
| Thư viện lưu trữ: | Mạng thư viện Đại học Đà Nẵng |
|---|
| LEADER | 01317nam a2200349 4500 | ||
|---|---|---|---|
| 001 | 000004120 | ||
| 003 | 250 | ||
| 005 | 20121211001252.0 | ||
| 008 | 110715s2005 viesd | ||
| 020 | |c 38000đ | ||
| 041 | 0 | |a vie | |
| 082 | |a 807 |b PH-L | ||
| 100 | 0 | |a Phương Lựu | |
| 245 | 0 | |a Phương pháp luận nghiên cứu văn học |c Phương Lựu | |
| 260 | |a H. |b Nxb Đại học Sư phạm |c 2005 | ||
| 300 | |a 375tr |c 20,5cm | ||
| 520 | |a Đại cương về phương pháp luận nghiên cứu văn học và trình bày các phương pháp luận lí luận văn học, phê bình văn học, phương pháp luận văn học sử, phương pháp luận nghiên cứu văn học phương Tây thế kỉ XX | ||
| 653 | |a Luận | ||
| 653 | |a Nghiên cứu | ||
| 653 | |a Văn học | ||
| 700 | |a Phương Lựu | ||
| 910 | |a Ngô văn Đường | ||
| OWN | |a LSP | ||
| AVA | |a UDN50 |b LSP |d 807 PH-L |e available |t Error 5001 Not defined in file expand_doc_bib_avail. |f 8 |g 0 |h N |i 0 |k 1 | ||
| 999 | |a From the UDN01 | ||
| AVA | |a UDN50 |b LSP |d 807 PH-L |e available |t Error 5001 Not defined in file expand_doc_bib_avail. |f 8 |g 0 |h N |i 0 |k 1 | ||
| TYP | |a Monograph | ||
| TYP | |a Printed language | ||
| 980 | |a Mạng thư viện Đại học Đà Nẵng | ||